000 00446nam a2200169Ia 4500
008 230718s9999 xx 000 0 und d
020 _a9788174092293
041 _aeng
082 _a629.8
_bMAN
100 _aManke B.S.
_9150779
245 _aControl System Design
260 _c2014
_bKhanna Publishers
300 _a333
365 _cRs.
_b249.00
700 _aManke B.S.
_9150779
906 _dO:0710425-Feb-2020B:IN122817-Feb-2020
_cTI
_b498
999 _c351464
_d351464